El método cualitativo en la investigación con sacerdotes que han abusado de personas menores de edad /
Na minha lista:
| Autor principal: | |
|---|---|
| Formato: | Texto |
| Tags: |
Adicionar Tag
Sem tags, seja o primeiro a adicionar uma tag!
|
MARC
| LEADER | 00000 a a2200000 04500 | ||
|---|---|---|---|
| 001 | 8612 | ||
| 003 | |||
| 040 | |||
| 100 | |a Muñoz Mora, Fernando | ||
| 245 | |a El método cualitativo en la investigación con sacerdotes que han abusado de personas menores de edad / |c Fernando Muñoz Mora | ||
| 773 | |g volumen 2; páginas 87-103 | ||
| 999 | |c 27619 |d 27619 | ||
